000 00407cam a2200157ua 4500
041 _aeng
_h
082 _a342.029
_bMAI/CO
100 _aMaitland, F W .
245 _aConstitutional history of England /
_cF W Maitland.
_hTextual Documents
250 _a1 /
_b.
260 _aCambridge :
_bCambridge University Press ,
_c1963.
300 _a548 ; .
504 _a
942 _cBK
999 _c11419
_d11419